000 01751nam a2200241Ia 4500
008 260220t1967||||xx |||||||||||||| ||spa||
040 _aPY-SlUNAC
_bspa
_erda
041 _aspa
082 _a515
_bSte34c
100 _aStein, Sherman K.
_eAutor
245 0 _aCálculo en las tres primeras dimensiones /
_cpor Sherman K. Stein [Autor]
264 _aCiudad de México :
_bMcGraw-Hill,
_c℗1967.
300 _a1 volumen
520 _a"Cálculo en las tres primeras dimensiones" de Sherman K. Stein es una obra fundamental que aborda los principios del cálculo diferencial e integral en el contexto de tres dimensiones. El autor presenta de manera clara y accesible los conceptos básicos del cálculo, incluyendo límites, derivadas e integrales, aplicándolos a funciones de varias variables y explorando su relevancia en la geometría y la física. Stein enfatiza la importancia de la visualización tridimensional para facilitar la comprensión de los temas tratados, utilizando gráficos y ejemplos prácticos que ilustran cómo los conceptos matemáticos se manifiestan en el espacio. Además, el texto aborda teoremas clave como el teorema de Green y el teorema de Stokes, proporcionando un marco teórico sólido que permite al lector apreciar las interconexiones entre el cálculo y otras áreas de las matemáticas. En conjunto, la obra es una herramienta valiosa tanto para estudiantes como para profesores que desean profundizar en el estudio del cálculo en un contexto tridimensional.
653 _aCálculo
653 _aGeometría
653 _aMatemáticas
942 _b2026/02/17
_cBK
999 _c7533
_d7533